| 000 | 00471nam a2200169Ia 4500 | ||
|---|---|---|---|
| 003 | GCL | ||
| 008 | 140319s9999 xx 000 0 eng d | ||
| 040 |
_aGCL / _cGCL |
||
| 082 | 0 | 4 |
_a658.562 _bL I |
| 100 | 1 | _aLAMPRECHT, JAMES L. | |
| 245 | 1 | 0 |
_aIMPLEMENTION THE ISO 9000 SERIES / _cLAMPRECHT, JAMES L. |
| 260 |
_a[S.N] : _bMARGO VEILLON ET CLAUDE ، _c1993 |
||
| 300 | _a262 P | ||
| 650 | 0 | 4 | _aQUALTY ASSURANCE |
| 650 | 0 | 4 | _aQUALITY CONTROL STANDARDS |
| 942 |
_2ddc _cBK |
||
| 999 |
_c20675 _d20675 |
||